[Event "Landesliga Nord 1213"]
[Site "Bayern"]
[Date "2013.01.13"]
[Round "5.6"]
[White "Bunk, Karsten"]
[Black "Demburg, Dimitrij"]
[Result "0-1"]
[WhiteElo "2028"]
[BlackElo "2106"]
[PlyCount "80"]
[EventDate "2012.10.14"]
[EventType "team-tourn"]
[EventRounds "9"]
[EventCountry "GER"]
[SourceTitle "EXT 2015"]
[Source "ChessBase"]
[SourceDate "2014.11.20"]
[SourceVersion "1"]
[SourceVersionDate "2014.11.20"]
[SourceQuality "1"]
[WhiteTeam "Nuernberg Sued SW"]
[BlackTeam "Nuernberg NT II"]
[WhiteTeamCountry "GER"]
[BlackTeamCountry "GER"]

1. c4 f5 2. g3 Nf6 3. Bg2 g6 4. Nc3 Bg7 5. d3 d6 6. e4 0-0 7. Nge2 Nc6 8. 0-0 e5 9. Nd5 Nxd5 10. cxd5 Ne7 11. Qb3 h6 12. Be3 Kh7 13. Rac1 fxe4 14. dxe4 c6 15. dxc6 bxc6 16. Rfd1 Bg4 17. Rd2 d5 18. Bc5 d4 19. f3 Bd7 20. Qa3 Rf7 21. h3 g5 22. Rcd1 Ng6 23. Nc1 Qf6 24. Rf1 h5 25. Nd3 Bh6 26. Rdf2 g4 27. f4 exf4 28. Nxf4 Nxf4 29. gxf4 gxh3 30. e5 Qg7 31. Bxd4 Rg8 32. Rd1 Be6 33. Qd6 Qg6 34. Be3 Bxf4 35. Bxf4 Rxf4 36. Qxc6 Rxf2 37. Kxf2 Qg3+ 38. Ke2 Qxg2+ 39. Qxg2 hxg2 40. Rg1 h4 0-1

[Event "Landesliga Nord 1213"]
[Site "Bayern"]
[Date "2012.11.25"]
[Round "3.5"]
[White "Demburg, Dimitrij"]
[Black "Poppe, Heiko"]
[Result "0-1"]
[WhiteElo "2106"]
[BlackElo "2076"]
[PlyCount "68"]
[EventDate "2012.10.14"]
[EventType "team-tourn"]
[EventRounds "9"]
[EventCountry "GER"]
[SourceTitle "EXT 2015"]
[Source "ChessBase"]
[SourceDate "2014.11.20"]
[SourceVersion "1"]
[SourceVersionDate "2014.11.20"]
[SourceQuality "1"]
[WhiteTeam "Nuernberg NT II"]
[BlackTeam "Wuerzburg"]
[WhiteTeamCountry "GER"]
[BlackTeamCountry "GER"]

1. e4 e6 2. d4 d5 3. Nd2 Nf6 4. Bd3 c5 5. e5 Nfd7 6. c3 Nc6 7. Ne2 Qb6 8. Nf3 cxd4 9. cxd4 f6 10. exf6 Nxf6 11. 0-0 Bd6 12. b3 0-0 13. h3 e5 14. dxe5 Nxe5 15. Nxe5 Bxe5 16. Be3 Qa5 17. Rc1 Be6 18. f4 Bb2 19. Rc2 Ba3 20. g4 Rae8 21. Bd4 Ne4 22. Ba1 Qd8 23. Nd4 Qh4 24. Bxe4 dxe4 25. Nxe6 Rxe6 26. Qd5 Kh8 27. Bd4 Re7 28. f5 Ref7 29. Qxe4 Qxh3 30. Rh2 Qg3+ 31. Rg2 Qd6 32. g5 Bc5 33. Rd1 Rxf5 34. Rh2 Bxd4+ 0-1

[Event "Landesliga Nord 1112"]
[Site "Bayern"]
[Date "2011.11.20"]
[Round "3.6"]
[White "Link, Klaus"]
[Black "Demburg, Dimitrij"]
[Result "1-0"]
[WhiteElo "1915"]
[BlackElo "2107"]
[PlyCount "59"]
[EventDate "2011.10.02"]
[EventType "team-tourn"]
[EventRounds "9"]
[EventCountry "GER"]
[SourceTitle "EXT 2013"]
[Source "ChessBase"]
[SourceDate "2012.11.22"]
[SourceVersion "1"]
[SourceVersionDate "2012.11.22"]
[SourceQuality "1"]
[WhiteTeam "Klingenberg/Main"]
[BlackTeam "Nuernberg NT II"]
[WhiteTeamCountry "GER"]
[BlackTeamCountry "GER"]

1. e4 e6 2. d4 d5 3. exd5 exd5 4. Nf3 Nf6 5. h3 Bd6 6. Bd3 0-0 7. 0-0 h6 8. Re1 c5 9. dxc5 Bxc5 10. Be3 Bxe3 11. Rxe3 Nc6 12. c3 Qb6 13. Qb3 Qc5 14. Nbd2 Be6 15. Qa4 a6 16. Nb3 Qd6 17. Qh4 Rfe8 18. Rae1 Bd7 19. Nbd4 Rxe3 20. Rxe3 Re8 21. Rxe8+ Bxe8 22. Nf5 Qc7 23. Nxh6+ Kf8 24. Nf5 Ng8 25. Ng5 Nh6 26. Nh7+ Kg8 27. Nxh6+ gxh6 28. Qxh6 f5 29. Nf6+ Kf7 30. Qh7+ 1-0

[Event "Oberliga Bayern 0910"]
[Site "Bayern"]
[Date "2010.01.24"]
[Round "5.3"]
[White "Pitschka, Claus"]
[Black "Demburg, Dimitrij"]
[Result "1-0"]
[WhiteElo "2192"]
[BlackElo "2096"]
[PlyCount "80"]
[EventDate "2009.10.18"]
[EventType "team-tourn"]
[EventRounds "9"]
[EventCountry "GER"]
[SourceTitle "EXT 2011"]
[Source "ChessBase"]
[SourceDate "2010.11.26"]
[SourceVersion "1"]
[SourceVersionDate "2010.11.26"]
[SourceQuality "1"]
[WhiteTeam "Garching"]
[BlackTeam "Nuernberg NT II"]
[WhiteTeamCountry "GER"]
[BlackTeamCountry "GER"]

1. d4 f5 2. Nc3 Nf6 3. Bg5 e6 4. e4 fxe4 5. Bxf6 Qxf6 6. Nxe4 Qf4 7. Bd3 Be7 8. Nh3 Qh4 9. Qd2 0-0 10. 0-0 h6 11. f4 d5 12. Nef2 c5 13. g3 Qh5 14. Be2 Qf7 15. c3 cxd4 16. cxd4 Nc6 17. Ng4 Bb4 18. Qe3 Qc7 19. Nhf2 Qb6 20. Rad1 Bd7 21. Ne5 Nxe5 22. fxe5 Be7 23. b3 Rac8 24. Nh3 a6 25. Rxf8+ Bxf8 26. Nf4 Bb4 27. Bd3 Bb5 28. Bxb5 axb5 29. Qd3 Bc3 30. Ne2 b4 31. Rf1 Ra8 32. a4 Rc8 33. Kg2 Bb2 34. Qg6 Rf8 35. Rxf8+ Kxf8 36. Nf4 Bxd4 37. Qxe6 g5 38. Qf5+ Ke8 39. Nxd5 Qc6 40. e6 Bc5 1-0

[Event "Landesliga Nord 0809"]
[Site "Bayern"]
[Date "2009.03.15"]
[Round "8.3"]
[White "Demburg, Dimitrij"]
[Black "Werner, Claus"]
[Result "1-0"]
[WhiteElo "2071"]
[BlackElo "2197"]
[PlyCount "69"]
[EventDate "2008.10.05"]
[EventType "team-tourn"]
[EventRounds "9"]
[EventCountry "GER"]
[SourceTitle "EXT 2020"]
[Source "ChessBase"]
[SourceDate "2019.10.17"]
[SourceVersion "1"]
[SourceVersionDate "2019.10.17"]
[SourceQuality "1"]
[WhiteTeam "Nuernberg NT II"]
[BlackTeam "Neutraubling"]
[WhiteTeamCountry "GER"]
[BlackTeamCountry "GER"]

1. e4 e6 2. d4 d5 3. Nd2 Nf6 4. e5 Nfd7 5. Bd3 c5 6. c3 b5 7. a3 Qb6 8. Ne2 Nc6 9. Nf3 a5 10. 0-0 h6 11. Be3 Ba6 12. h4 a4 13. Re1 Na5 14. Rb1 Be7 15. Ng3 Qc7 16. Nh5 Bf8 17. Nd2 cxd4 18. cxd4 Nb6 19. Qg4 0-0-0 20. b3 axb3 21. a4 Nxa4 22. Rec1 Nc4 23. Rxb3 Nab6 24. Bf4 Kb8 25. Nb1 Qa7 26. Qe2 Rc8 27. Nc3 b4 28. Na2 g5 29. Bg3 Na5 30. Rxc8+ Bxc8 31. Nxb4 Bb7 32. Rb1 Bxb4 33. Rxb4 Rc8 34. Nf6 Nc6 35. Rxb6 1-0

[Event "Landesliga Nord 0809"]
[Site "Bayern"]
[Date "2008.10.05"]
[Round "1.2"]
[White "Demburg, Dimitrij"]
[Black "Liepold, Stefan"]
[Result "0-1"]
[WhiteElo "2068"]
[BlackElo "2236"]
[PlyCount "70"]
[EventDate "2008.10.05"]
[EventType "team-tourn"]
[EventRounds "9"]
[EventCountry "GER"]
[SourceTitle "EXT 2020"]
[Source "ChessBase"]
[SourceDate "2019.10.17"]
[SourceVersion "1"]
[SourceVersionDate "2019.10.17"]
[SourceQuality "1"]
[WhiteTeam "Nuernberg NT II"]
[BlackTeam "Erlangen SC"]
[WhiteTeamCountry "GER"]
[BlackTeamCountry "GER"]

1. e4 e6 2. d4 d5 3. Nd2 a6 4. Bd3 c5 5. exd5 exd5 6. dxc5 Bxc5 7. Ngf3 Qe7+ 8. Be2 Nf6 9. Nb3 Ba7 10. 0-0 0-0 11. Bg5 Nc6 12. c3 Re8 13. Re1 Bxf2+ 14. Kxf2 Ne4+ 15. Kf1 Nxg5 16. Qxd5 Nxf3 17. Bxf3 Be6 18. Qc5 Qh4 19. Re4 Qxh2 20. Rae1 Red8 21. Qb6 g6 22. Rxe6 fxe6 23. Rxe6 Rf8 24. Nd4 Nxd4 25. cxd4 Rac8 26. Qxb7 Rc2 27. Re2 Rc1+ 28. Kf2 Qh4+ 29. Ke3 Qf4+ 30. Kd3 Rd1+ 31. Kc2 Rc1+ 32. Kd3 Rd1+ 33. Kc2 Rxd4 34. Re7 Qd2+ 35. Kb3 Qd3# 0-1

[Event "Landesliga Nord 0708"]
[Site "Bayern"]
[Date "2008.04.20"]
[Round "9.4"]
[White "Demburg, Dimitrij"]
[Black "Chandler, Patrick"]
[Result "0-1"]
[WhiteElo "2008"]
[BlackElo "2216"]
[PlyCount "82"]
[EventDate "2007.10.21"]
[EventType "team-tourn"]
[EventRounds "9"]
[EventCountry "GER"]
[SourceTitle "EXT 2009"]
[Source "ChessBase"]
[SourceDate "2008.11.26"]
[SourceVersion "1"]
[SourceVersionDate "2008.11.26"]
[SourceQuality "1"]
[WhiteTeam "Nuernberg NT II"]
[BlackTeam "Burgsinn"]
[WhiteTeamCountry "GER"]
[BlackTeamCountry "GER"]

1. e4 d5 2. exd5 Qxd5 3. Nc3 Qd6 4. Bc4 Nf6 5. d4 c6 6. Nge2 Bg4 7. Qd3 e6 8. Ng3 Nbd7 9. f3 Bh5 10. Nce4 Nxe4 11. Nxh5 Nef6 12. Bf4 Qb4+ 13. c3 Qxb2 14. Nxf6+ gxf6 15. 0-0 Qa3 16. Rfe1 0-0-0 17. Rab1 e5 18. Rb3 Qa4 19. Bg3 h5 20. Reb1 b6 21. Bxf7 Kb7 22. Qe4 Bd6 23. h4 Rhf8 24. Be6 f5 25. Bxf5 Nf6 26. Qe2 Rfe8 27. Qc2 Qa5 28. c4 Bc7 29. c5 Nd5 30. cxb6 Nxb6 31. Be4 Rd6 32. dxe5 Rxe5 33. Bxe5 Qxe5 34. Rc3 Kb8 35. Qf2 Qxc3 36. a4 Rd2 37. Qf1 Qe3+ 38. Kh1 Qf4 39. Rxb6+ axb6 40. g3 Rh2+ 41. Kxh2 Qxg3+ 0-1

[Event "Staufer op 20th"]
[Site "Schwaebisch Gmuend"]
[Date "2008.01.05"]
[Round "7"]
[White "Demburg, Dimitrij"]
[Black "Braun, Peter"]
[Result "0-1"]
[WhiteElo "2135"]
[BlackElo "2293"]
[PlyCount "100"]
[EventDate "2008.01.02"]
[EventType "swiss"]
[EventRounds "9"]
[EventCountry "GER"]
[SourceTitle "CBM 122 Extra"]
[Source "ChessBase"]
[SourceDate "2008.03.04"]
[SourceVersion "1"]
[SourceVersionDate "2008.03.04"]
[SourceQuality "1"]

1. e4 c5 2. Nc3 Nc6 3. g3 g6 4. Bg2 Bg7 5. d3 d6 6. Be3 e5 7. Qd2 Nge7 8. f4 Nd4 9. Nd1 exf4 10. gxf4 0-0 11. c3 Ndc6 12. Ne2 b6 13. c4 Bb7 14. 0-0 f5 15. Ndc3 Qd7 16. Rae1 Rae8 17. Ng3 Nd4 18. Kh1 a6 19. Bg1 b5 20. b3 b4 21. Nce2 Nec6 22. exf5 Nxf5 23. Nxf5 Rxf5 24. Ng3 Rff8 25. Bd5+ Kh8 26. Qg2 Rxe1 27. Rxe1 Rxf4 28. Be3 Rf8 29. Bg5 h6 30. Bd2 Kh7 31. Re6 Nd8 32. Re2 Be5 33. Bxb7 Qxb7 34. Ne4 Qg7 35. Qh3 Rf5 36. d4 cxd4 37. Bxb4 Ne6 38. Bd2 Qf8 39. Re1 Rh5 40. Qg4 Rxh2+ 41. Kg1 Nc5 42. Re2 Rxe2 43. Qxe2 Qf5 44. Nf2 g5 45. b4 Ne6 46. b5 axb5 47. cxb5 Nc5 48. Qc4 g4 49. b6 g3 50. Nh1 Qh5 0-1

[Event "Staufer op 20th"]
[Site "Schwaebisch Gmuend"]
[Date "2008.01.03"]
[Round "3"]
[White "Demburg, Dimitrij"]
[Black "Gheng, Josef"]
[Result "0-1"]
[WhiteElo "2135"]
[BlackElo "2310"]
[PlyCount "74"]
[EventDate "2008.01.02"]
[EventType "swiss"]
[EventRounds "9"]
[EventCountry "GER"]
[SourceTitle "CBM 122 Extra"]
[Source "ChessBase"]
[SourceDate "2008.03.04"]
[SourceVersion "1"]
[SourceVersionDate "2008.03.04"]
[SourceQuality "1"]

1. e4 e5 2. Nc3 c6 3. Nf3 d6 4. d4 Nd7 5. a4 Ngf6 6. a5 a6 7. Be2 Be7 8. h3 0-0 9. Be3 Re8 10. 0-0 exd4 11. Qxd4 Bf8 12. Rfd1 Qe7 13. Nd2 c5 14. Qa4 Ne5 15. Bg5 Bd7 16. Qb3 Be6 17. Nd5 Bxd5 18. exd5 h6 19. Bh4 Ng6 20. Bxf6 Qxf6 21. Bf1 Re7 22. Qb6 Nf4 23. Nc4 Ne2+ 24. Bxe2 Rxe2 25. Rf1 Rxc2 26. Qb3 Re2 27. Qxb7 Rae8 28. Ra3 Rxf2 29. Rf3 Rxf3 30. Rxf3 Qd4+ 31. Kh2 f6 32. Qxa6 Re1 33. Nb6 Qg1+ 34. Kg3 Re5 35. h4 Qe1+ 36. Kh2 Qxh4+ 37. Rh3 Qf4+ 0-1

[Event "Landesliga Nord 0708"]
[Site "Bayern"]
[Date "2007.12.09"]
[Round "4.5"]
[White "Demburg, Dimitrij"]
[Black "Janda, Pavel"]
[Result "1-0"]
[WhiteElo "2033"]
[BlackElo "2010"]
[PlyCount "77"]
[EventDate "2007.10.21"]
[EventType "team-tourn"]
[EventRounds "9"]
[EventCountry "GER"]
[SourceTitle "EXT 2009"]
[Source "ChessBase"]
[SourceDate "2008.11.26"]
[SourceVersion "1"]
[SourceVersionDate "2008.11.26"]
[SourceQuality "1"]
[WhiteTeam "Nuernberg NT II"]
[BlackTeam "Kulmbach"]
[WhiteTeamCountry "GER"]
[BlackTeamCountry "GER"]

1. e4 e5 2. Nc3 Nc6 3. g3 Bc5 4. Bg2 d6 5. Nge2 Nge7 6. Na4 0-0 7. 0-0 Be6 8. c3 a6 9. d4 Ba7 10. d5 Bg4 11. dxc6 b5 12. h3 Bh5 13. g4 Bg6 14. Ng3 f6 15. c4 bxa4 16. Qxa4 Be8 17. Nf5 Nxc6 18. Qd1 Nd4 19. Be3 c5 20. Qd2 Rf7 21. b4 Rb8 22. Rab1 Rfb7 23. a3 Bb6 24. f4 cxb4 25. Bxd4 Bxd4+ 26. Nxd4 Qb6 27. axb4 Rc7 28. c5 dxc5 29. bxc5 Qxb1 30. Rxb1 Rxb1+ 31. Kh2 exd4 32. Qa2+ Kf8 33. Qxb1 Bb5 34. e5 d3 35. c6 fxe5 36. Qb4+ Ke8 37. Qd6 Re7 38. c7 Bd7 39. Bc6 1-0

[Event "Landesliga Nord 0708"]
[Site "Bayern"]
[Date "2007.11.25"]
[Round "3.4"]
[White "Demburg, Dimitrij"]
[Black "Wutz, Christoph"]
[Result "0-1"]
[WhiteElo "2033"]
[BlackElo "2120"]
[PlyCount "96"]
[EventDate "2007.10.21"]
[EventType "team-tourn"]
[EventRounds "9"]
[EventCountry "GER"]
[SourceTitle "EXT 2009"]
[Source "ChessBase"]
[SourceDate "2008.11.26"]
[SourceVersion "1"]
[SourceVersionDate "2008.11.26"]
[SourceQuality "1"]
[WhiteTeam "Nuernberg NT II"]
[BlackTeam "Neutraubling"]
[WhiteTeamCountry "GER"]
[BlackTeamCountry "GER"]

1. e4 e6 2. d4 d5 3. Nd2 Nc6 4. Ngf3 Nf6 5. e5 Nd7 6. c3 f6 7. Bb5 fxe5 8. dxe5 Be7 9. Nd4 Nxd4 10. cxd4 0-0 11. Qg4 Nb8 12. Bd3 Qe8 13. 0-0 c5 14. Nf3 Nc6 15. dxc5 Bxc5 16. Bh6 Qe7 17. Rac1 Rxf3 18. Bg5 Rxd3 19. Bxe7 Bxe7 20. Qe2 Rd4 21. a3 Bd7 22. f3 Bd8 23. b4 Bb6 24. Kh1 Rf8 25. g3 Rf5 26. b5 Na5 27. Rfd1 Ra4 28. Rxd5 Rf7 29. Rd3 h6 30. Rcd1 Be8 31. Rd6 Re7 32. Qc2 Rc4 33. Qb1 Rc8 34. Kg2 Nc4 35. Qb3 Ne3+ 36. Kh3 Nxd1 37. Rxd1 Rc5 38. a4 Rxe5 39. Rd3 Bg6 40. Rc3 Bc5 41. f4 Rd5 42. Qc4 b6 43. Qb3 Rh5+ 44. Kg2 Be4+ 45. Kf1 Rxh2 46. Qc4 Bd5 47. Qd3 Rd7 48. Rxc5 Bc4 0-1

[Event "GER-ch U25"]
[Site "Willingen"]
[Date "2007.05.29"]
[Round "5"]
[White "Natsidis, Christoph"]
[Black "Demburg, Dimitrij"]
[Result "1-0"]
[WhiteElo "2196"]
[BlackElo "2078"]
[PlyCount "111"]
[EventDate "2007.05.26"]
[EventType "swiss"]
[EventRounds "9"]
[EventCountry "GER"]
[SourceTitle "CBM 118 Extra"]
[Source "ChessBase"]
[SourceDate "2007.07.04"]
[SourceVersion "1"]
[SourceVersionDate "2007.07.04"]
[SourceQuality "1"]

1. e4 e6 2. Nf3 d5 3. e5 Bd7 4. d4 c5 5. c3 Nc6 6. a3 c4 7. Nbd2 Na5 8. g3 Be7 9. Bg2 Qc7 10. 0-0 h5 11. h4 Nh6 12. Rb1 Nf5 13. Re1 a6 14. Nf1 Nb3 15. Bg5 Ba4 16. Qe2 Rc8 17. Ne3 Bxg5 18. Nxg5 g6 19. Nxf5 gxf5 20. Bf3 Ke7 21. Nh3 b5 22. Nf4 Qa7 23. Nxh5 a5 24. Nf6 f4 25. gxf4 Rxh4 26. Qe3 Rch8 27. Bg2 b4 28. axb4 axb4 29. f5 Kf8 30. Qg5 Qe7 31. Qg3 Qc7 32. Re3 Qe7 33. Rbe1 Bc6 34. Rf3 R4h6 35. Qg5 Rh5 36. Qg3 R5h6 37. Ng4 Rh4 38. f6 Qa7 39. Ne3 R4h7 40. Nc2 bxc3 41. bxc3 Ba4 42. Qf4 Rh4 43. Qg5 Qa5 44. Rb1 R4h6 45. Rg3 Rg6 46. Qe3 Rhg8 47. Rxg6 Rxg6 48. Nb4 Bd7 49. Kh2 Qc7 50. Kh1 Qa5 51. Bf3 Ke8 52. Kh2 Qa3 53. Bd1 Ba4 54. Bh5 Rg8 55. Qh6 Rf8 56. Bxf7+ 1-0

[Event "GER-ch U25"]
[Site "Willingen"]
[Date "2007.05.27"]
[Round "2"]
[White "Demburg, Dimitrij"]
[Black "Hinz, Arne"]
[Result "1/2-1/2"]
[WhiteElo "2078"]
[BlackElo "1755"]
[PlyCount "84"]
[EventDate "2007.05.26"]
[EventType "swiss"]
[EventRounds "9"]
[EventCountry "GER"]
[SourceTitle "CBM 118 Extra"]
[Source "ChessBase"]
[SourceDate "2007.07.04"]
[SourceVersion "1"]
[SourceVersionDate "2007.07.04"]
[SourceQuality "1"]

1. e4 e5 2. Nc3 Nc6 3. g3 Nf6 4. Bg2 Bc5 5. Nge2 d6 6. 0-0 0-0 7. h3 Be6 8. Kh2 d5 9. exd5 Nxd5 10. Ne4 Bb6 11. d3 h6 12. f4 exf4 13. Nxf4 Ne3 14. Bxe3 Bxe3 15. c3 Bxf4 16. Rxf4 Ne5 17. Nc5 c6 18. Qe2 Ng6 19. Rb4 Qe7 20. Nxe6 fxe6 21. Rg4 Rf6 22. Re1 Qf7 23. Kg1 Rf8 24. d4 Kh8 25. Rf1 Rxf1+ 26. Bxf1 Qf5 27. Bg2 Qf7 28. Re4 Ne7 29. Rf4 Qg8 30. Qf2 Rxf4 31. Qxf4 Nd5 32. Bxd5 exd5 33. Kf2 Qe6 34. g4 Kh7 35. h4 Qe7 36. h5 Qh4+ 37. Ke2 Qe7+ 38. Qe3 Qd7 39. Kf3 Qf7+ 40. Qf4 Kg8 41. Ke3 Qe7+ 42. Kf3 Qf7 1/2-1/2

[Event "Landesliga Nord 0607"]
[Site "Bayern"]
[Date "2007.04.01"]
[Round "8.5"]
[White "Demburg, Dimitrij"]
[Black "Mueller, Christian2222"]
[Result "0-1"]
[WhiteElo "1965"]
[BlackElo "1970"]
[PlyCount "84"]
[EventDate "2006.10.15"]
[EventType "team"]
[EventRounds "9"]
[EventCountry "GER"]
[SourceTitle "EXT 2008"]
[Source "ChessBase"]
[SourceDate "2007.11.25"]
[SourceVersion "1"]
[SourceVersionDate "2007.11.25"]
[SourceQuality "1"]
[WhiteTeam "Nuernberg NT II"]
[BlackTeam "Neutraubling"]
[WhiteTeamCountry "GER"]
[BlackTeamCountry "GER"]

1. e4 c5 2. Nc3 Nc6 3. g3 g6 4. Bg2 Bg7 5. d3 d6 6. Be3 e5 7. Qd2 Nge7 8. h4 h5 9. f3 Nd4 10. Nh3 Rb8 11. Nf2 d5 12. f4 dxe4 13. dxe4 Be6 14. Nd3 Qb6 15. Na4 Qb5 16. Naxc5 Bg4 17. Bxd4 exd4 18. a4 Qc6 19. 0-0 0-0 20. b4 b6 21. b5 Qd6 22. e5 Qd8 23. Nb7 Qc7 24. Nd6 f6 25. exf6 Bxf6 26. Ne4 Bg7 27. Nb4 Rbc8 28. Rac1 Nf5 29. Nc6 Rfe8 30. Ng5 Re2 31. Qd3 Rce8 32. Qc4+ Kh8 33. Bf3 R2e3 34. Kg2 Bxf3+ 35. Nxf3 Rc3 36. Qa2 Re2+ 37. Kh3 Ne3 38. Nfe5 Qc8+ 39. f5 Nxf1 40. Rxf1 Rcxc2 41. Qxc2 Rxc2 42. Ne7 Bxe5 0-1

[Event "Landesliga Nord 0607"]
[Site "Bayern"]
[Date "2007.03.18"]
[Round "7.6"]
[White "Demburg, Dimitrij"]
[Black "Schweizer, Wolfgang D"]
[Result "0-1"]
[WhiteElo "1965"]
[BlackElo "1969"]
[PlyCount "56"]
[EventDate "2006.10.15"]
[EventType "team"]
[EventRounds "9"]
[EventCountry "GER"]
[SourceTitle "EXT 2008"]
[Source "ChessBase"]
[SourceDate "2007.11.25"]
[SourceVersion "1"]
[SourceVersionDate "2007.11.25"]
[SourceQuality "1"]
[WhiteTeam "Nuernberg NT II"]
[BlackTeam "Kulmbach"]
[WhiteTeamCountry "GER"]
[BlackTeamCountry "GER"]

1. e4 c6 2. Nc3 d5 3. d4 dxe4 4. Nxe4 Bf5 5. Ng3 Bg6 6. Nf3 Nd7 7. Bd3 Bxd3 8. Qxd3 e6 9. Bd2 Ngf6 10. 0-0-0 Qc7 11. Rhe1 0-0-0 12. Ng5 Nb6 13. N5e4 Nxe4 14. Rxe4 Nd7 15. Bf4 Bd6 16. Bxd6 Qxd6 17. Rg4 g6 18. Ne4 Qe7 19. Rg3 f5 20. Nd2 e5 21. dxe5 Qxe5 22. Re3 Qf6 23. Qa3 Kb8 24. Nf3 Nb6 25. Red3 Rxd3 26. Qxd3 Kc7 27. Nd4 Re8 28. g3 Qe5 0-1

[Event "Nuremberg LGA Cup 3rd"]
[Site "Nuremberg"]
[Date "2006.09.08"]
[Round "2.28"]
[White "Demburg, Dimitrij"]
[Black "Heinzel, Olaf"]
[Result "0-1"]
[WhiteElo "2069"]
[BlackElo "2384"]
[PlyCount "80"]
[EventDate "2006.09.07"]
[EventType "swiss"]
[EventRounds "7"]
[EventCountry "GER"]
[SourceTitle "EXT 2022"]
[Source "ChessBase"]
[SourceDate "2021.10.06"]
[SourceVersion "1"]
[SourceVersionDate "2021.10.06"]
[SourceQuality "1"]

1. e4 d5 2. exd5 Qxd5 3. Nc3 Qd6 4. Nf3 Nf6 5. Bc4 a6 6. a4 b6 7. Qe2 Bb7 8. b3 c5 9. Bb2 e6 10. 0-0-0 Nc6 11. Rhe1 Nd4 12. Nxd4 cxd4 13. Nb1 Be7 14. Qd3 Rd8 15. Bxa6 Bxg2 16. Bb5+ Kf8 17. Rg1 Be4 18. Qg3 Qxg3 19. fxg3 Ng4 20. Rde1 Bg6 21. h4 h5 22. Na3 Bc5 23. d3 Ne3 24. Rxe3 dxe3 25. Re1 f6 26. Nc4 Be8 27. Bxe8 Kxe8 28. d4 Rxd4 29. Bxd4 Bxd4 30. Nxe3 Kf7 31. Re2 Be5 32. Rg2 Rg8 33. Nc4 Bc7 34. Kd2 g5 35. hxg5 Rxg5 36. b4 h4 37. a5 bxa5 38. bxa5 h3 39. Rh2 Rxg3 40. Ke2 Rc3 0-1

[Event "Mittelfrankenliga-B1 0506"]
[Site "Germany"]
[Date "2006.01.29"]
[Round "5.2"]
[White "Demburg, Dimitrij"]
[Black "Goetz, Andreas"]
[Result "1/2-1/2"]
[WhiteElo "1956"]
[BlackElo "2101"]
[PlyCount "34"]
[EventDate "2005.10.16"]
[EventType "team"]
[EventRounds "9"]
[EventCountry "GER"]
[SourceTitle "EXT 2007"]
[Source "ChessBase"]
[SourceDate "2006.11.23"]
[SourceVersion "1"]
[SourceVersionDate "2006.11.23"]
[SourceQuality "1"]

1. e4 c6 2. Nf3 d5 3. exd5 cxd5 4. d4 Nf6 5. Bd3 g6 6. Nc3 Bg7 7. Bf4 0-0 8. Qd2 Nc6 9. a3 Re8 10. 0-0-0 Nh5 11. Be3 e5 12. Bb5 e4 13. Ne5 Bxe5 14. dxe5 Rxe5 15. Nxd5 Bg4 16. Bc4 b5 17. Bb3 Bxd1 1/2-1/2